| 000 | 01287nam0a22002651 4500 | ||
|---|---|---|---|
| 001 | rc\4264359 | ||
| 005 | 20250611144130.0 | ||
| 035 | _a(NLR Aleph) 008238937 | ||
| 090 |
_a8264855 _c8264855 |
||
| 100 | _a20130416d1966 |||y0rusy50 ca | ||
| 101 | 0 | _arus | |
| 102 | _aRU | ||
| 105 | _ay z ||||| | ||
| 200 | 1 |
_aОтчет о командировке в Англию [для участия в работе Международной конференции по ультрафиолетовой и рентгеновской спектроскопии лабораторных и астрофизических плазм. 29 марта-1 апр. 1966 г.] _fАН СССР. Всесоюз. ин-т науч. и техн. информации |
|
| 210 |
_aМосква _cБ. и. _d1966 |
||
| 215 |
_a11 с. _d21 |
||
| 300 | _aПеред загл. авт.: С.В. Бобашев; на 3-й с. - канд. физ.-матем. наук С.В. Бобашев | ||
| 300 | _aОтпеч. множит. аппаратом | ||
| 333 | _aДля служебного пользования. Экз. № 5 | ||
| 700 | 1 |
_aБобашев _bС.В. _gСергей Васильевич |
|
| 801 | 0 |
_aRU _bNLR _gpsbo |
|
| 801 | 1 |
_aRU _bELAR _2rusmarc |
|
| 852 |
_aNLR _j50К-9356 |
||
| 942 | _cBOOK | ||
| 980 | _aNB | ||